| 000 | 00685nam a2200205 a 4500 | ||
|---|---|---|---|
| 005 | 20241106063714.0 | ||
| 008 | 060522s2000 mx r 000 0 spa d | ||
| 020 | _a8448125045 | ||
| 035 | _aUPN01000144582 | ||
| 049 | _aCG | ||
| 050 | 4 |
_aQA273.25 _bL5.4 |
|
| 100 | 1 |
_aLipschutz, S. Seymour, _d1931- _929039 |
|
| 245 | 1 | 0 |
_aIntroducción a la probabilidad y estadística / _cSeymour Lipschutz, Jhon J. Schiller ; tr. Pedro Cortiñas Vázquez. |
| 260 |
_aMadrid : _bMcGraw-Hill, _cc2000. |
||
| 300 | _a452 p. | ||
| 650 | 4 |
_aPROBABILIDADES - _vPROBLEMAS, EJERCICIOS, ETC. _927349 |
|
| 650 | 4 |
_aEstadística matemática _98767 |
|
| 700 | 1 |
_aSchiller, Jhon J., _ecoaut. |
|
| 905 | _aLibro | ||
| 999 |
_c116729 _d116729 |
||